000 00502nam a22001577a 4500
999 _c14326
_d14326
003 OSt
008 180830b ||||| |||| 00| 0 eng d
020 _a8121916666
082 _a532
_bRAJ/TE
100 _aRajput R.K.
_93290
245 _aA Textbook of Fluid Mechanics And Hydraulic Machines in SI UNITS
260 _aNew Delhi
_bS.Chand & Compny Ltd.
_c2012,2013
300 _a1373, 1046
500 _aPart I - Page:1046, Part II- Hydraulic Machines (Fluid Power Engineering) Page-401.
942 _cBK